[Event "World Rapid 2019"]
[Site "Moscow RUS"]
[Date "2019.12.27"]
[Round "9.75"]
[White "Timofeev, Artyom"]
[Black "Lobanov, Sergei"]
[Result "1-0"]
[WhiteTitle "GM"]
[BlackTitle "IM"]
[WhiteElo "2588"]
[BlackElo "2504"]
[WhiteFideId "4140419"]
[BlackFideId "24183750"]
[EventDate "2019.12.26"]

1. c4 e5 2. e3 Nf6 3. Nc3 Nc6 4. d3 d5 5. cxd5 Nxd5 6. Nf3 Be7 7. Be2 O-O 8. O-O
Be6 9. a3 f5 10. Bd2 Bf6 11. Rc1 Nce7 12. e4 Nb6 13. Ng5 Bxg5 14. Bxg5 f4 15. d4
h6 16. Bxe7 Qxe7 17. d5 Bd7 18. Bg4 Be8 19. Qb3 Kh8 20. Nb5 c6 21. Nxa7 Nxd5 22.
exd5 Rxa7 23. Rfe1 e4 24. d6 Qxd6 25. Rxe4 Bf7 26. Be6 Bxe6 27. Rxe6 Qd7 28.
Rce1 f3 29. Qc3 Kg8 30. gxf3 Rf7 31. Re8+ Kh7 32. R1e5 Qd1+ 33. Kg2 Ra4 34. Re1
Qd5 35. Qc2+ Qf5 36. Qxf5+ Rxf5 37. R1e4 Raa5 38. R8e7 Rab5 39. b4 h5 40. a4
Rg5+ 41. Kf1 Rbf5 42. f4 Rg4 43. Rxb7 Rgxf4 44. Rxf4 Rxf4 45. a5 Rf3 46. Rb6 Rb3
47. h4 Kg8 48. Ke2 Kf7 49. Kd2 Ke7 50. Kc2 Rh3 51. Rxc6 Rxh4 52. b5 Rb4 53. b6
Kd7 54. Rc7+ Kd8 55. Rxg7 Kc8 56. f4 Rb5 57. Rg5 Rb4 58. f5 h4 59. f6 Kb7 60.
Rg7+ Kc6 61. f7 Rf4 62. b7 1-0

[Event "World Rapid 2019"]
[Site "Moscow RUS"]
[Date "2019.12.27"]
[Round "9.77"]
[White "Deviatkin, Andrei"]
[Black "Savchenko, Boris"]
[Result "0-1"]
[WhiteTitle "GM"]
[BlackTitle "GM"]
[WhiteElo "2436"]
[BlackElo "2577"]
[WhiteFideId "4121260"]
[BlackFideId "4147332"]
[EventDate "2019.12.26"]

1. d4 d5 2. Nf3 e6 3. e3 a6 4. b3 Nf6 5. c4 c5 6. Be2 cxd4 7. exd4 Bb4+ 8. Bd2
Be7 9. O-O b6 10. Nc3 Bb7 11. Be3 Nc6 12. Ne5 Rc8 13. Bf3 Na5 14. Rc1 O-O 15.
Qe2 h6 16. Rfd1 Ba3 17. Rb1 b5 18. c5 Bb4 19. Nxb5 axb5 20. Qxb5 Bc3 21. b4 Nc4
22. Qxb7 Rb8 23. Qc6 Nxe5 24. dxe5 Nd7 25. Qa4 Nxe5 26. Be2 d4 27. b5 Ra8 28.
Qc2 Qd5 29. a4 Qxc5 30. Bd2 Rfc8 31. Bxc3 dxc3 32. g3 Qa3 33. f4 Qxa4 34. Qxa4
Rxa4 35. Rdc1 Ra2 36. fxe5 Rxe2 37. b6 Rb2 38. b7 Rb8 39. Ra1 R8xb7 40. Rxc3 Re2
41. Rc8+ Kh7 42. h4 Rxe5 43. Kf2 Rb2+ 44. Kf3 Rf5+ 45. Ke4 Rb4+ 0-1

[Event "World Rapid 2019"]
[Site "Moscow RUS"]
[Date "2019.12.27"]
[Round "9.78"]
[White "Baron, Tal"]
[Black "Gundavaa, Bayarsaikhan"]
[Result "0-1"]
[WhiteTitle "GM"]
[BlackTitle "GM"]
[WhiteElo "2541"]
[BlackElo "2489"]
[WhiteFideId "2809958"]
[BlackFideId "4901045"]
[EventDate "2019.12.26"]

1. Nf3 Nf6 2. d4 d5 3. Bf4 e6 4. e3 Bd6 5. Bxd6 Qxd6 6. c4 dxc4 7. Nbd2 O-O 8.
Nxc4 Qe7 9. Be2 Rd8 10. O-O c5 11. Qc2 cxd4 12. Nxd4 e5 13. Nf5 Bxf5 14. Qxf5
Nc6 15. Rfd1 g6 16. Qc2 Kg7 17. h3 Rac8 18. Rxd8 Rxd8 19. a3 Rc8 20. Qb3 Ne4 21.
Bf3 Nc5 22. Qc3 Na4 23. Qb3 Nc5 24. Qc3 Na4 25. Qd2 Nd4 26. exd4 Rxc4 27. Re1
Qd6 28. Bxb7 Rxd4 29. Qa5 Nc5 30. Bf3 e4 31. Be2 Nd3 32. Bxd3 exd3 33. Qxa7 d2
34. Rd1 Qe5 35. g3 Qe1+ 36. Kg2 Rd6 37. Qa4 Rf6 38. f4 Qe2+ 39. Kg1 Rd6 40. f5
gxf5 41. Kh1 Rd3 0-1

[Event "World Rapid 2019"]
[Site "Moscow RUS"]
[Date "2019.12.27"]
[Round "9.79"]
[White "Kazhgaleyev, Murtas"]
[Black "Atabayev, Maksat"]
[Result "1-0"]
[WhiteTitle "GM"]
[BlackTitle "GM"]
[WhiteElo "2569"]
[BlackElo "2475"]
[WhiteFideId "13700316"]
[BlackFideId "14001101"]
[EventDate "2019.12.26"]

1. d4 Nf6 2. c4 d6 3. Nf3 g6 4. Nc3 Bf5 5. h3 Bg7 6. g4 Bc8 7. e4 h5 8. g5 Nfd7
9. Be3 c6 10. Be2 Na6 11. Qd2 Nc7 12. O-O-O a6 13. c5 b5 14. cxd6 exd6 15. Nh4
O-O 16. f4 Re8 17. e5 Nd5 18. Ne4 dxe5 19. dxe5 Nxe5 20. fxe5 Rxe5 21. Bf3 Qe7
22. Bc5 Qe6 23. Rhe1 Bd7 24. Bd4 Qxh3 25. Bxe5 Bxe5 26. Nxg6 fxg6 27. Nf6+ Nxf6
28. Rxe5 Qxf3 29. gxf6 Qxf6 30. Rde1 Bg4 31. Qh6 Rf8 32. Re8 Bd7 33. R8e7 Rf7
34. Rxd7 Rxd7 35. Re8+ Kf7 36. Qf8# 1-0

[Event "World Rapid 2019"]
[Site "Moscow RUS"]
[Date "2019.12.27"]
[Round "9.80"]
[White "Yanchenko, Roman"]
[Black "Frolyanov, Dmitry"]
[Result "1-0"]
[WhiteTitle "FM"]
[BlackTitle "GM"]
[WhiteElo "2463"]
[BlackElo "2556"]
[WhiteFideId "4137329"]
[BlackFideId "4151976"]
[EventDate "2019.12.26"]

1. d4 d5 2. c4 e6 3. Nf3 Nf6 4. Nc3 Bb4 5. e3 O-O 6. Qc2 c5 7. a3 cxd4 8. axb4
dxc3 9. bxc3 dxc4 10. Bxc4 b6 11. O-O Bb7 12. Qe2 Qc7 13. Bb2 Nbd7 14. Ba6 Bc6
15. Rfd1 Rfd8 16. h3 h6 17. c4 Be4 18. Nd4 Nf8 19. f3 Bg6 20. b5 N6d7 21. Nc6
Re8 22. Qd2 f6 23. Ba3 Nc5 24. Bxc5 bxc5 25. Qd6 Qb6 26. Ne7+ Kh7 27. Qxb6 axb6
28. Nc6 e5 29. Kf2 Bf7 30. Rac1 g5 31. e4 Kg7 32. Rd6 Re6 33. Rd2 Ree8 34. Ke3
Ne6 35. Rd7 Nd4 36. Nxd4 exd4+ 37. Kd3 Kf8 38. g4 Re7 39. Rd6 Re6 40. Rd7 Re7
41. Rd6 Re6 42. Rd7 h5 43. Rg1 Rae8 44. Rb7 R8e7 45. Rb8+ Kg7 46. Bb7 Re8 47.
Rxe8 Rxe8 48. Ra1 hxg4 49. hxg4 Rh8 50. Ra7 Kg6 51. Ra6 Rh3 52. e5 fxe5 53.
Rxb6+ Kg7 54. Be4 Rh1 55. Rc6 Rb1 56. Rxc5 Rb3+ 57. Kd2 Rb2+ 58. Kc1 Rb4 59. Rc7
Kf6 60. Rc6+ Ke7 61. b6 Kd8 62. c5 Be8 63. Rd6+ Kc8 64. Re6 1-0

[Event "World Rapid 2019"]
[Site "Moscow RUS"]
[Date "2019.12.27"]
[Round "9.81"]
[White "Tissir, Mohamed"]
[Black "Salgado Lopez, Ivan"]
[Result "0-1"]
[WhiteTitle "IM"]
[BlackTitle "GM"]
[WhiteElo "2379"]
[BlackElo "2605"]
[WhiteFideId "9000240"]
[BlackFideId "2257327"]
[EventDate "2019.12.26"]

1. e4 e5 2. Nf3 Nc6 3. Bc4 Bc5 4. c3 Nf6 5. d3 d6 6. Bb3 a6 7. Nbd2 Ng4 8. O-O
Ba7 9. Qe2 Be6 10. Nc4 h6 11. h3 Nf6 12. Be3 Bxe3 13. Nxe3 Bxb3 14. axb3 O-O 15.
Nh2 d5 16. Nhg4 Nxg4 17. Qxg4 d4 18. Nf5 Qg5 19. Qe2 Rad8 20. g3 Ne7 21. Nxe7+
Qxe7 22. c4 Rd6 23. c5 Rg6 24. b4 c6 25. Kg2 Qe6 26. f4 f5 27. exf5 Rxf5 28.
Rae1 Rgf6 29. g4 Qd5+ 30. Qe4 Qxe4+ 31. Rxe4 Rxf4 32. Rfxf4 exf4 33. Rxd4 g5 34.
Rd7 Rf7 35. Rd6 Kg7 36. d4 Re7 37. d5 cxd5 38. Rxd5 Kf6 39. Rd6+ Ke5 40. Rxh6
Ke4 41. Kf2 Kd3 42. Rd6+ Kc4 43. Rd5 0-1

[Event "World Rapid 2019"]
[Site "Moscow RUS"]
[Date "2019.12.27"]
[Round "9.83"]
[White "Yilmaz, Mustafa"]
[Black "Studer, Noel"]
[Result "1-0"]
[WhiteTitle "GM"]
[BlackTitle "GM"]
[WhiteElo "2604"]
[BlackElo "2546"]
[WhiteFideId "6302718"]
[BlackFideId "1319620"]
[EventDate "2019.12.26"]

1. d4 d5 2. c4 dxc4 3. Nf3 Nf6 4. e3 e6 5. Bxc4 a6 6. O-O c5 7. dxc5 Bxc5 8.
Qxd8+ Kxd8 9. Be2 Ke7 10. Nfd2 Nbd7 11. Nb3 Ba7 12. Bd2 Rd8 13. Bb4+ Ke8 14. Nc3
Ne5 15. Rfd1 Rxd1+ 16. Rxd1 Bd7 17. Bd6 Bb8 18. Na5 b6 19. f4 Neg4 20. Nc4 Ba7
21. h3 b5 22. hxg4 bxc4 23. Kf2 Bc6 24. Be5 Kf8 25. Rd6 Bb7 26. Bf3 Bxf3 27.
Kxf3 Bc5 28. Rc6 Be7 29. Rxc4 Nd7 30. Bd4 Rb8 31. Rc7 Ke8 32. Ne4 f6 33. Ra7 e5
34. Bc3 exf4 35. exf4 Rb6 36. f5 h6 37. Ng3 Rd6 38. Nh5 Kf7 39. Nf4 Nc5 40. Bb4 1-0

[Event "World Rapid 2019"]
[Site "Moscow RUS"]
[Date "2019.12.27"]
[Round "9.84"]
[White "Reshetnikov, Alexey"]
[Black "Santos Ruiz, Miguel"]
[Result "1-0"]
[WhiteTitle "IM"]
[BlackTitle "GM"]
[WhiteElo "2492"]
[BlackElo "2585"]
[WhiteFideId "4162080"]
[BlackFideId "22291482"]
[EventDate "2019.12.26"]

1. d4 Nf6 2. c4 e6 3. Nf3 d5 4. Nc3 dxc4 5. e3 a6 6. Bxc4 b5 7. Bd3 Bb7 8. O-O
Nbd7 9. Qe2 c5 10. Rd1 cxd4 11. exd4 Be7 12. Ne5 O-O 13. Bg5 Nb6 14. Rac1 Rc8
15. a3 Nfd5 16. Bxe7 Qxe7 17. Nxd5 Nxd5 18. Qd2 Qh4 19. g3 Qe7 20. b4 f6 21. Ng4
Rxc1 22. Rxc1 Qd6 23. Rc5 Rd8 24. Qc2 f5 25. Ne3 Nf6 26. Rc7 Bf3 27. Rc8 Qxd4
28. Rxd8+ Qxd8 29. Qb3 Nd5 30. Bf1 Be4 31. a4 Qb6 32. axb5 axb5 33. Nxd5 Bxd5
34. Qd3 Bc4 35. Qd7 h6 36. Bxc4 bxc4 37. Qc8+ Kf7 38. Qxc4 Ke7 39. Qc3 Kf7 40.
h4 Qb5 41. Qc7+ Kf6 42. Qd6 Qe2 43. Qc5 f4 44. Qf8+ Kg6 45. Qxf4 e5 46. Qe3 Qd1+
47. Kh2 Qb1 48. Qc5 Kh7 49. b5 e4 50. b6 Qb2 51. Kg2 Qe2 52. Qf5+ 1-0

[Event "World Rapid 2019"]
[Site "Moscow RUS"]
[Date "2019.12.27"]
[Round "9.85"]
[White "Tengis, Tsog-Ochir"]
[Black "Shcherbakov, Ruslan"]
[Result "0-1"]
[WhiteTitle "FM"]
[BlackTitle "GM"]
[WhiteElo "2190"]
[BlackElo "2527"]
[WhiteFideId "4902718"]
[BlackFideId "4102240"]
[EventDate "2019.12.26"]

1. Nf3 Nf6 2. g3 b5 3. Bg2 Bb7 4. b3 e6 5. Bb2 Be7 6. O-O O-O 7. c4 bxc4 8. bxc4
c5 9. e3 d5 10. cxd5 exd5 11. d4 Nbd7 12. dxc5 Nxc5 13. Qd4 Ne6 14. Qa4 Ne4 15.
Nbd2 N6c5 16. Qd4 Bf6 17. Qb4 a5 18. Bxf6 axb4 19. Bxd8 Rfxd8 20. Rfb1 Ra4 21.
Nb3 Nd3 22. Nfd4 Rc8 23. Bf1 Ndxf2 24. h4 Rc3 25. Rc1 g6 26. Ne2 Rxe3 27. Nc5
Ra7 28. Rab1 Ba6 29. Nxa6 Rxa6 30. Rc2 Nd3 31. Nc1 Rxg3+ 32. Kh1 Ndf2+ 33. Kh2
Rf6 34. Rxb4 Nd1 35. Bg2 Rc3 36. Rxc3 Ndxc3 37. a3 Rf2 38. Nd3 Ra2 39. Rb3 Kg7
40. Rb7 0-1

[Event "World Rapid 2019"]
[Site "Moscow RUS"]
[Date "2019.12.27"]
[Round "9.86"]
[White "Tran, Tuan Minh"]
[Black "Blohberger, Felix"]
[Result "1-0"]
[WhiteTitle "GM"]
[BlackTitle "IM"]
[WhiteElo "2529"]
[BlackElo "2434"]
[WhiteFideId "12401820"]
[BlackFideId "1632051"]
[EventDate "2019.12.26"]

1. d4 Nf6 2. c4 e6 3. Nf3 Bb4+ 4. Bd2 Be7 5. Nc3 O-O 6. e4 d5 7. e5 Ne4 8. Bd3
Nxd2 9. Qxd2 dxc4 10. Bxc4 c5 11. d5 exd5 12. Bxd5 Nd7 13. Rd1 Qb6 14. O-O Nb8
15. Rfe1 Be6 16. Qf4 Nc6 17. b3 Kh8 18. Be4 Qb4 19. Qe3 Rad8 20. Nd5 Bxd5 21.
Bxd5 Nd4 22. Nxd4 cxd4 23. Rxd4 Qa5 24. Qe4 Bc5 25. b4 Bxb4 26. Red1 Bc5 27.
R4d3 h6 28. g4 Qb4 29. Qxb4 Bxb4 30. Bxb7 Rxd3 31. Rxd3 Re8 32. Re3 g5 33. Kg2
Bd2 34. Ra3 Kg7 35. Rd3 Bb4 36. Rd5 Re7 37. Bc8 Bc3 38. e6 fxe6 39. Rd3 Ba5 40.
Re3 Bb6 41. Re4 Kf6 42. f4 Re8 43. Bd7 Re7 44. Ba4 Bc7 45. fxg5+ hxg5 46. Bb3
Be5 47. Re2 Rh7 48. h3 Rh8 49. Re3 Rh7 50. Kf1 Re7 51. h4 Bf4 52. Re4 e5 53. h5
Rc7 54. Ke2 a5 55. Ra4 Rc5 56. Kd3 Bc1 57. Re4 Bf4 58. Bc4 Rc7 59. Re1 Rd7+ 60.
Kc2 Rd4 61. Bd3 Ra4 62. Kb3 Rd4 63. Kc2 Ra4 64. Kb3 Rd4 65. Bf5 Kg7 66. a3 a4+
67. Kc2 Rd2+ 68. Kc3 Ra2 69. Kc4 Rxa3 70. Rd1 Rh3 71. Rd7+ Kf6 72. Kd5 Rh1 73.
Rd6+ Ke7 74. Re6+ Kf8 75. Ra6 Ke7 76. h6 a3 77. h7 Bc1 78. Ra7+ Kf6 79. Ra6+ Kf7
80. Be4 Kg7 81. Ra7+ Kf6 82. Bxh1 1-0

[Event "World Rapid 2019"]
[Site "Moscow RUS"]
[Date "2019.12.27"]
[Round "9.87"]
[White "Luukkonen, Tommi"]
[Black "Zarnicki, Pablo"]
[Result "1-0"]
[WhiteTitle "FM"]
[BlackTitle "GM"]
[WhiteElo "2290"]
[BlackElo "2514"]
[WhiteFideId "501808"]
[BlackFideId "100137"]
[EventDate "2019.12.26"]

1. e4 e5 2. Bc4 Nf6 3. d3 c6 4. Nf3 d5 5. Bb3 Bb4+ 6. Bd2 Bxd2+ 7. Qxd2 a5 8. a4
O-O 9. exd5 cxd5 10. Nxe5 Nc6 11. d4 Qb6 12. Nxc6 bxc6 13. O-O Ne4 14. Qd1 Ba6
15. Re1 Kh8 16. Nd2 Nxf2 17. Qf3 Ne4 18. Nxe4 dxe4 19. Qxe4 Rad8 20. Rad1 f5 21.
Qf4 Qb4 22. Qd2 Qb6 23. Re5 f4 24. Rc5 Qb8 25. Qxa5 Be2 26. Re1 f3 27. gxf3 Qf4
28. Rxe2 Qxf3 29. Qe1 Rxd4 30. Rg5 c5 31. Rg3 Qc6 32. Re6 Qa8 33. Re7 Rdf4 34.
Rexg7 Rf1+ 35. Qxf1 Rxf1+ 36. Kxf1 Qh1+ 37. Kf2 Qxh2+ 38. Ke3 Qh6+ 39. R7g5 c4
40. Bxc4 Qb6+ 41. Kd3 Qd6+ 42. Bd5 Qa6+ 43. c4 1-0

[Event "World Rapid 2019"]
[Site "Moscow RUS"]
[Date "2019.12.27"]
[Round "9.89"]
[White "Donchenko, Alexander"]
[Black "Mamatov, Melis"]
[Result "1/2-1/2"]
[WhiteTitle "GM"]
[WhiteElo "2644"]
[BlackElo "2292"]
[WhiteFideId "24603295"]
[BlackFideId "13800027"]
[EventDate "2019.12.26"]

1. e4 c5 2. Nf3 d6 3. d4 cxd4 4. Nxd4 Nf6 5. Nc3 e5 6. Bb5+ Nbd7 7. Nf5 a6 8.
Bc4 Nb6 9. Bb3 Bxf5 10. exf5 d5 11. a4 d4 12. a5 dxc3 13. Qxd8+ Rxd8 14. axb6
Bc5 15. bxc3 Ne4 16. Be3 Bxe3 17. fxe3 Ke7 18. c4 Rd6 19. Ra5 f6 20. c5 Rc6 21.
Bd5 Rxc5 22. Rxc5 Nxc5 23. Ke2 Rd8 24. e4 Rd6 25. Rb1 Na4 26. Rb3 Rxb6 27. Rh3
h6 28. Rg3 Kf8 29. Ra3 Nc5 30. Rc3 Rb5 31. Kf3 b6 32. Kg4 Rb4 33. Kh5 a5 34. Kg6
a4 35. g4 Rb5 36. h4 Ra5 37. g5 hxg5 38. hxg5 a3 39. Ba2 Nxe4 40. Rc8+ Ke7 41.
Rc7+ Kd6 42. Rxg7 Nxg5 43. Kxf6 Ne4+ 44. Kg6 Rc5 45. c4 Rc6 46. Ra7 Kc5+ 47. Kg7
Kb4 48. c5 Rxc5 49. f6 Nxf6 50. Kxf6 e4 51. Re7 Rc2 52. Rxe4+ Kc3 53. Re3+ Kb2
54. Bd5 a2 55. Rb3+ Kc1 56. Ra3 Kb1 57. Be4 Kb2 58. Rxa2+ Kxa2 59. Bxc2 b5 60.
Ke5 b4 61. Kd4 b3 62. Kc3 b2 63. Kd2 b1=Q 64. Bxb1+ Ka1 1/2-1/2

[Event "World Rapid 2019"]
[Site "Moscow RUS"]
[Date "2019.12.27"]
[Round "9.90"]
[White "Castellanos Rodriguez, Renier"]
[Black "Glek, Igor"]
[Result "1/2-1/2"]
[WhiteTitle "IM"]
[BlackTitle "GM"]
[WhiteElo "2474"]
[BlackElo "2467"]
[WhiteFideId "3404650"]
[BlackFideId "4100484"]
[EventDate "2019.12.26"]

1. c4 e5 2. d3 f5 3. g3 Nf6 4. Bg2 Bb4+ 5. Bd2 a5 6. Nc3 O-O 7. Nh3 d6 8. f4 c6
9. O-O h6 10. Kh1 Na6 11. Nf2 Qe7 12. a3 Bc5 13. e3 Nc7 14. Na4 Ne6 15. Nxc5
Nxc5 16. Qc2 exf4 17. exf4 a4 18. Rae1 Qc7 19. Bc3 Bd7 20. Re2 Rae8 21. Rfe1
Rxe2 22. Rxe2 Nb3 23. Re7 Qd8 24. Qe2 Rf7 25. Re3 Kf8 26. Bf3 Qb6 27. Bg2 Nd4
28. Qd2 c5 29. Bxd4 cxd4 30. Re2 Bc6 31. Qb4 Bxg2+ 32. Kxg2 Qc6+ 33. Kg1 Re7 34.
Rxe7 Kxe7 35. Qa5 g6 36. Qa7 Kf7 37. Qxd4 b6 38. Qe3 Nd7 39. Nd1 d5 40. cxd5
Qxd5 41. Nc3 Qb3 42. Qd4 Nc5 43. Qc4+ Ke7 44. Nd5+ Kd6 45. Qxb3 axb3 46. Nxb6
Nxd3 47. Nc4+ Kc5 48. Nd2 Nc1 49. Kf1 Kb5 50. Nb1 Nd3 51. Nc3+ Kc4 52. Nd1 Nc1
53. Ke1 Kd3 54. a4 Kc2 55. a5 Nd3+ 56. Ke2 Nb4 57. h3 h5 58. h4 Na6 59. Ke1 Nc5
60. Ke2 Na6 61. Ke1 Nc5 1/2-1/2

[Event "World Rapid 2019"]
[Site "Moscow RUS"]
[Date "2019.12.27"]
[Round "9.91"]
[White "Gasanov, Eldar"]
[Black "Gutenev, Alexander"]
[Result "1-0"]
[WhiteTitle "GM"]
[BlackTitle "IM"]
[WhiteElo "2481"]
[BlackElo "2469"]
[WhiteFideId "14104466"]
[BlackFideId "4195540"]
[EventDate "2019.12.26"]

1. d4 Nf6 2. c4 g6 3. Nc3 d5 4. e3 Bg7 5. Qb3 dxc4 6. Bxc4 O-O 7. Nf3 c5 8. d5
a6 9. a4 Qa5 10. Bd2 Qb4 11. Qa2 Qb6 12. O-O Bg4 13. Ne5 Bf5 14. Rfe1 Qc7 15.
Nf3 Bg4 16. Be2 Nbd7 17. e4 Bxf3 18. Bxf3 Ne5 19. Be2 c4 20. Bf4 Nfd7 21. a5
Nf3+ 22. Bxf3 Qxf4 23. Qxc4 Be5 24. h3 Rac8 25. Qb4 Rc7 26. Rad1 Rfc8 27. Qxe7
Qh2+ 28. Kf1 Bd6 29. Qh4 Ne5 30. Ke2 Nxf3 31. Kxf3 Qe5 32. Rd3 Rc5 33. g3 Rxa5
34. Kg2 h5 35. f4 Qe8 36. f5 Qe5 37. Rf3 Kg7 38. fxg6 fxg6 39. Ref1 Rf8 40. Rxf8
Bxf8 41. Rxf8 g5 42. Re8 Qxe8 43. Qxg5+ Qg6 44. Qe7+ Qf7 45. Qe5+ Kg6 46. Ne2
Ra1 47. Nf4+ Kh6 48. Qh8+ Kg5 49. h4+ Kg4 50. Qc8+ 1-0

[Event "World Rapid 2019"]
[Site "Moscow RUS"]
[Date "2019.12.27"]
[Round "9.92"]
[White "Batchuluun, Tsegmed"]
[Black "Vavulin, Maxim"]
[Result "1/2-1/2"]
[WhiteTitle "GM"]
[BlackTitle "GM"]
[WhiteElo "2530"]
[BlackElo "2556"]
[WhiteFideId "4900847"]
[BlackFideId "4169530"]
[EventDate "2019.12.26"]

1. d4 g6 2. c4 Bg7 3. Nf3 e6 4. e4 Ne7 5. Nc3 d5 6. cxd5 exd5 7. e5 O-O 8. Be2
Nbc6 9. O-O f6 10. exf6 Bxf6 11. Bh6 Re8 12. Bf4 Bg4 13. Ne5 Bxe2 14. Nxe2 Nf5
15. Nxc6 bxc6 16. Rc1 Qd7 17. Rc2 Re4 18. Be5 Bxe5 19. dxe5 Re8 20. Ng3 Nxg3 21.
fxg3 R8xe5 22. Qc1 Qe8 23. Rcf2 Re1 24. Qc5 Rxf1+ 25. Rxf1 a6 26. h3 Re2 27. Qd4
Qe3+ 28. Qxe3 Rxe3 29. Rc1 Re6 30. Kf2 Kf7 31. Rc5 d4 32. Kf3 Ke7 33. Rc4 d3 34.
Rc1 Re2 35. Rxc6 Rxb2 36. Rxc7+ Ke6 37. Rc6+ Kd5 38. Rxa6 Kd4 39. a4 Rb1 40.
Rd6+ Kc3 41. Rc6+ Kd2 42. Kf2 Rb8 43. a5 Rf8+ 44. Kg1 Ke2 45. Re6+ Kd1 46. a6 d2
47. a7 Rc8 48. Rc6 Re8 49. Re6 Ra8 50. Re7 Rc8 51. Rc7 Re8 52. Re7 Rc8 53. Rc7
Re8 54. Re7 Rc8 55. Rc7 Re8 56. Re7 Rc8 57. Rc7 Re8 58. Re7 Rc8 59. Rc7 Re8 60.
Re7 Rc8 61. Rc7 Re8 62. Re7 Rc8 63. Rc7 Re8 64. Re7 Rc8 65. Rc7 Re8 66. Re7 Rc8
67. Rc7 Re8 68. Re7 Rc8 69. Rc7 Re8 70. Re7 Rc8 71. Rc7 Re8 1/2-1/2

[Event "World Rapid 2019"]
[Site "Moscow RUS"]
[Date "2019.12.27"]
[Round "9.93"]
[White "Gurvich, Vitaly"]
[Black "Pigusov, Evgeny"]
[Result "1/2-1/2"]
[WhiteTitle "FM"]
[BlackTitle "GM"]
[WhiteElo "2230"]
[BlackElo "2555"]
[WhiteFideId "24164852"]
[BlackFideId "4100514"]
[EventDate "2019.12.26"]

1. d4 Nf6 2. c4 c5 3. d5 e6 4. Nc3 exd5 5. cxd5 d6 6. Nf3 g6 7. Nd2 Nbd7 8. e4
Bg7 9. Be2 O-O 10. O-O Re8 11. a4 Ne5 12. Ra3 g5 13. Qc2 a6 14. Nd1 Rb8 15. a5
b5 16. axb6 Rxb6 17. Ne3 h6 18. b3 Qe7 19. Bb2 Nfg4 20. Bxg4 Nxg4 21. Nxg4 Bxg4
22. Bxg7 Kxg7 23. Nc4 Rb4 24. Rxa6 Bc8 25. Ra8 Bd7 26. Rxe8 Bxe8 27. Qc3+ Qf6
28. Qxf6+ Kxf6 29. Nxd6 Bb5 30. Rc1 Rxb3 31. f3 Ke5 32. Nxf7+ Kd4 33. Nxh6 c4
34. Nf5+ Kd3 35. Nd6 c3 36. Nxb5 Rxb5 37. d6 Kd2 38. d7 Kxc1 39. d8=Q c2 40. Qd3
Rb1 41. Kf2 Kb2 42. Qb5+ Kc3 43. Qc5+ Kb3 44. Qb5+ Kc3 45. Qc5+ Kb3 46. Qb6+ Kc3
47. Qc7+ Kb3 48. Qb7+ Kc3 49. Qc6+ Kb3 50. Qb5+ Kc3 51. Qe5+ Kb3 52. Qd5+ Kc3
53. Qc5+ Kb3 54. Qxg5 c1=Q 55. Qxc1 Rxc1 56. Ke3 Rc2 57. g4 Rxh2 58. g5 Kc4 59.
Kf4 Kc5 60. Ke5 Kc6 61. f4 Kd7 62. Kf6 Rh4 63. f5 Rxe4 64. g6 Ke8 65. Kg7 Rf4
66. f6 Rf1 67. f7+ Ke7 68. Kg8 Rf2 69. g7 Rxf7 70. Kh8 Rxg7 71. Kxg7 1/2-1/2

[Event "World Rapid 2019"]
[Site "Moscow RUS"]
[Date "2019.12.27"]
[Round "9.94"]
[White "Makoveev, Ilya"]
[Black "Sychev, Klementy"]
[Result "0-1"]
[WhiteTitle "FM"]
[BlackTitle "GM"]
[WhiteElo "2277"]
[BlackElo "2563"]
[WhiteFideId "34155748"]
[BlackFideId "4114060"]
[EventDate "2019.12.26"]

1. e4 e5 2. Nf3 Nc6 3. Bc4 Nf6 4. d3 Bc5 5. O-O O-O 6. a4 a6 7. h3 d6 8. c3 Ba7
9. Nbd2 Kh8 10. Re1 Ng8 11. Nf1 f5 12. exf5 Bxf5 13. Ng3 Bg6 14. d4 d5 15. Bg5
Nce7 16. Bb3 e4 17. Ne5 Qd6 18. c4 c6 19. cxd5 cxd5 20. Be3 Nh6 21. Nh5 Nhf5 22.
Nf4 Be8 23. g3 Rd8 24. Kh2 Bb8 25. Qd2 Nxe3 26. fxe3 g5 27. Ne2 Ng6 28. Rf1 Kg7
29. Rxf8 Qxf8 30. Rg1 Nxe5 31. dxe5 Bxe5 32. Nd4 Qf6 33. Qb4 Rd7 34. Rg2 Bxd4
35. exd4 Bh5 36. g4 Qf4+ 37. Kg1 Rc7 38. Bd1 Rc1 39. Qxb7+ Bf7 40. Qb3 e3 41.
Qd3 Bg6 42. Qe2 Be4 0-1

[Event "World Rapid 2019"]
[Site "Moscow RUS"]
[Date "2019.12.27"]
[Round "9.95"]
[White "Ruck, Robert"]
[Black "Guimaraes, Diogo Duarte"]
[Result "1-0"]
[WhiteTitle "GM"]
[BlackTitle "FM"]
[WhiteElo "2530"]
[BlackElo "2322"]
[WhiteFideId "705713"]
[BlackFideId "2112450"]
[EventDate "2019.12.26"]

1. Nf3 d5 2. d4 Nf6 3. c4 c6 4. Nc3 a6 5. a4 a5 6. cxd5 cxd5 7. Bf4 e6 8. Nb5
Bb4+ 9. Nd2 Na6 10. f3 O-O 11. e3 Nh5 12. Be5 f6 13. Bg3 f5 14. Bd3 Qg5 15. Kf2
f4 16. exf4 Nxf4 17. Nb3 Bd7 18. Rc1 Rac8 19. Bb1 h5 20. Rxc8 Bxc8 21. Qc2 Bd7
22. Qh7+ Kf7 23. h4 Qf6 24. Bxf4 Qxf4 25. Qxh5+ Ke7 26. Qg5+ Qxg5 27. hxg5 Bxb5
28. axb5 Nc7 29. Bd3 a4 30. Nc1 Bd2 31. g6 Ne8 32. Ne2 Nd6 33. Rd1 Bb4 34. Rc1
Kd7 35. Ke3 a3 36. bxa3 Bxa3 37. Rh1 Nf5+ 38. Bxf5 Rxf5 39. Rh7 Bf8 40. g4 Rf6
41. g5 Rxg6 42. f4 e5 43. dxe5 Rb6 44. Nd4 Ke8 45. f5 Kf7 46. Rh8 Bc5 47. Kd3
Bxd4 48. Kxd4 Rxb5 49. g6+ Ke7 50. Rg8 Kd7 51. f6 gxf6 52. exf6 1-0

[Event "World Rapid 2019"]
[Site "Moscow RUS"]
[Date "2019.12.27"]
[Round "9.96"]
[White "Miranda Neto, Jayme Amorim"]
[Black "Iljiushenok, Ilia"]
[Result "0-1"]
[WhiteTitle "CM"]
[BlackTitle "GM"]
[WhiteElo "2102"]
[BlackElo "2521"]
[WhiteFideId "2115964"]
[BlackFideId "24105074"]
[EventDate "2019.12.26"]

1. d4 Nf6 2. c4 g6 3. Nc3 d5 4. e3 Bg7 5. Nf3 O-O 6. Be2 c5 7. O-O cxd4 8. Nxd4
dxc4 9. Bxc4 a6 10. a4 Qc7 11. Qb3 e5 12. Nde2 Nbd7 13. Nd5 Nxd5 14. Bxd5 Nf6
15. Bc4 e4 16. Bd2 Ng4 17. Ng3 h5 18. Rac1 h4 19. Be2 Qb8 20. Bxg4 hxg3 21. Rxc8
gxh2+ 22. Kh1 Rxc8 23. Bxc8 Qxc8 24. Kxh2 Qc6 25. Bc3 Bxc3 26. bxc3 Rd8 27. Rb1
Qc7+ 28. g3 Rd7 29. Kg2 Qe5 30. Qc4 Rd2 31. Rxb7 Qf5 32. Qf1 Qf3+ 0-1

[Event "World Rapid 2019"]
[Site "Moscow RUS"]
[Date "2019.12.27"]
[Round "9.97"]
[White "Mikhailovsky, Vladimir"]
[Black "Kim, Alexey"]
[Result "0-1"]
[WhiteTitle "CM"]
[BlackTitle "GM"]
[WhiteElo "2209"]
[BlackElo "2464"]
[WhiteFideId "34105414"]
[BlackFideId "4129776"]
[EventDate "2019.12.26"]

1. e4 e6 2. Qe2 c5 3. Nf3 Nc6 4. g3 Nf6 5. Bg2 d5 6. exd5 Nxd5 7. O-O Be7 8. Rd1
Bf6 9. Nc3 O-O 10. Ne4 Be7 11. d4 cxd4 12. Nxd4 Nxd4 13. Rxd4 Nf4 14. Nf6+ Bxf6
15. Rxf4 Qe7 16. c3 Rd8 17. Be3 e5 18. Rb4 a5 19. Rb5 a4 20. Bc5 Qd7 21. Bb6 Qd3
22. Qxd3 Rxd3 23. Be4 Rd6 24. Bc5 Rd8 25. c4 Rd7 26. Kf1 Bd8 27. Bb4 Rd4 28. Bd5
Be6 29. Bc3 Rxc4 30. Bxe6 fxe6 31. Rxb7 Bf6 32. Rd1 h5 33. a3 Rf8 34. Rdd7 Kh7
35. Ke2 Kg6 36. Kd3 Rc6 37. Ra7 Rfc8 38. Ke2 Rc4 39. Ra6 Kf5 40. Rda7 e4 41.
Ra5+ Kg6 42. Bxf6 gxf6 43. Rxa4 Rc2+ 44. Kf1 e3 45. Rf4 e2+ 0-1